Health assessment & physical examination / (رقم التسجيلة. 26623)

تفاصيل مارك
000 -الفاتح
حقل البيانات ثابتة الطول 01256cam a22003614a 4500
001 - رقم الضبط
رقم الضبط 13966880
003 - محدد رقم الضبط
رقم الضبط OSt
005 - وقت وتاريخ اخر تعامل مع التسجيلة
رقم الضبط 20150408114107.0
008 - عناصر البيانات ثابتة الطول - معلومات عامة
حقل البيانات ثابتة الطول 050511s2010 nyua b 001 0 eng
010 ## - رقم ضبط مكتبة الكونجرس
رقم ضبط مكتبة الكونجرس 2005013647
020 ## - الرقم الدولى المعيارى للكتب
الرقم الدولى المعيارى للكتاب 1401872069
035 ## - رقم ضبط النظام
رقم ضبط النظام (DNLM)101247774
040 ## - مصدر الفهرسة
وكالة الفهرسة الأصلية DNLM/DLC
وكالة النسخ DLC
وكالة التعديل DLC
042 ## - رمز التحقق
رمز التحقق pcc
050 00 - رقم طلب مكتبة الكونجرس
رقم التصنيف RT48
رقم المادة .H425 2006
060 10 - رقم الطلب بالمكتبة الطبية الوطنية
رقم التصنيف WY 100.4
رقم المادة H433 2006
082 00 - رقم تصنيف ديوى العشرى
رقم التصنيف 616.075
رقم الطبعة 22
رقم المادة HEA
245 00 - بيان العنوان
العنوان Health assessment & physical examination /
بيان المسئوليه,etc [edited by] Mary Ellen Zator Estes.
246 3# - العنوان الموازى
عنوان صحيح/عنوان مختصر Health assessment and physical examination
250 ## - بيان الطبعة
بيان الطبعة 4th ed.
260 ## - PUBLICATION, DISTRIBUTION, ETC. (IMPRINT)
مكان الناشر او الموزع Clifton Park, NY :
اسم الناشر او الموزع Thomson Delmar Learning,
تاريخ النشر أو التوزيع 2010.
300 ## - الوصف المادى
التعداد xxv, 980 p. :
تفاصيل ماديه اخرى للوعاء ill. (some col.) ;
أبعاد الوعاء 29 cm.
504 ## - تبصرة ببليوجرافية
تبصرة ببليوجرافية,الخ Includes bibliographical references and index.
650 #0 - المدخل الاضافى بالموضوع-مصطلح موضوعى
مصطلح موضوعي أو اسم جغرافي كعنصر مدخل Nursing assessment.
650 #0 - المدخل الاضافى بالموضوع-مصطلح موضوعى
مصطلح موضوعي أو اسم جغرافي كعنصر مدخل Physical diagnosis.
650 12 - المدخل الاضافى بالموضوع-مصطلح موضوعى
مصطلح موضوعي أو اسم جغرافي كعنصر مدخل Nursing Assessment.
650 22 - المدخل الاضافى بالموضوع-مصطلح موضوعى
مصطلح موضوعي أو اسم جغرافي كعنصر مدخل Physical Examination
التقسيم الفرعي العام nursing.
700 1# - المدخل الاضافى - اسم شخصى
الإسم الشخصى Estes, Mary Ellen Zator.
9 (RLIN) 18965
856 41 - الوصول و الموقع الالكترونى
مواد محددة Table of contents
معرف المصدر الموحد <a href="http://www.loc.gov/catdir/toc/ecip0512/2005013647.html">http://www.loc.gov/catdir/toc/ecip0512/2005013647.html</a>
906 ## - عنصر بيانات محلى F, LDF (RLIN)
a 7
b cbc
c orignew
d 1
e ecip
f 20
g y-gencatlg
942 ## - عناصر المدخل الإضافي( كوها)
مصدر التصنيف او مخطط الترفيف Dewey Decimal Classification
Koha [default] item type DVD
المقتنيات
حالة الفقد نموذج السعر الفعال حالة تلف ليس للاعارة رقم الطلب تاريخ الاكتساب الموقع الحالي الباركود الفرع الرئيسي Date last seen نوع المادة فى نظام كوها مصدر التصنيف او خطة الترفيف Total Checkouts
  2013-03-10     616.075 HEA 2012-12-27 المكتبة المركزية بالمجمعة (CL) 00400544 المكتبة المركزية بالمجمعة (CL) 2013-03-10 كتاب Dewey Decimal Classification  
  2013-03-10     616.075 HEA 2012-12-27 المكتبة المركزية بالمجمعة (CL) 00400543 المكتبة المركزية بالمجمعة (CL) 2013-03-10 كتاب Dewey Decimal Classification  
  2013-03-10     616.075 HEA 2012-12-27 المكتبة المركزية بالمجمعة (CL) 00400545 المكتبة المركزية بالمجمعة (CL) 2013-03-10 كتاب Dewey Decimal Classification